| 000 | 00614nam a22001697a 4500 | ||
|---|---|---|---|
| 020 | _qHard Cover. | ||
| 082 | _a005 | ||
| 100 | _aAli, Muhamamd | ||
| 245 |
_aSmartphone Security; Classifying, organizing and Correlating smartphone defenses from existing knowledge base / _cMuhamamd Ali. |
||
| 260 |
_aIslamabad: _bSEECS - NUST, _c2014. |
||
| 300 |
_aix, 61 p. : ill. ; _c30cm. |
||
| 650 |
_aMS Thesis Computer Science. _923151 |
||
| 700 |
_aDr. mZahid Anwar. _923152 |
||
| 856 | _uhttp://10.250.8.41:8080/xmlui/handle/123456789/6680 | ||
| 942 |
_2ddc _cTHE |
||
| 999 |
_c529983 _d529983 |
||